000 00377nam a2200121Ia 4500
008 220615s9999||||xx |||||||||||||| ||und||
100 _aAta Amini
245 0 _aSedimentation Engineering
546 _aEnglish[eng]
650 _aLife Sciences||Geological Engineering||Environmental Sciences
856 _uhttps://www.intechopen.com/books/sedimentation-engineering
942 _cEB
999 _c13921
_d13921